000 00636nam a22002417a 4500
003 UA-OsUOA
001 29139
007 ta
008 20040930b un ||||| |||| 00| 0 ukr d
090 _a811(47+57)
_bЯ42
942 _cBK
040 _aUA-OsUOA
_brus
_cUA-OsUOA
_dUA-OsUOA
245 _aЯзыки народов СССР
_bТюркские языки
_cРед. Н.А.Баскаков
300 _a532 с.
955 _a0
041 _arus
080 _a811(47+57)
260 _aМосква
_bАкадемия Наук СССР
_c1966
044 _aRU
250 _nТом второй
650 7 _2UDC
999 _c315520
_d315520